000 00710nam a2200229Ia 4500
003 OSt
005 20251209143654.0
008 210716s2000 xx 000 0 und d
020 _a8176561835
040 _cAIMIT LIBRARY
041 _aeng
082 _a006.37
_21
_bFREW
100 _aFreeze, Wayne S.
_9248481
245 _aVisual basic developers guide to com and com+ /
_cBy Wayne S Freeze.
250 _a1st ed.
260 _aNew Delhi :
_bBPB Publications ,
_c2000.
300 _axxviii,464p. ;
_bPB
_c23.8 cm
650 _aUnderstanding COM
_9248482
650 _aProgramming COM with visual basic
_9248483
650 _aDeveloping COM+ transactions
_9248484
942 _2ddc
_cBK
_e1st
_k006.37 FREW
999 _c184028
_d184028